Operaciones de separacion por etapas de equilibrio en ingenieria quimica/Henley Ernest J. (Registro nro. 25671)
[ vista simple ]
| 000 -LÍDER | |
|---|---|
| fixed length control field | 00358nam a2200121 4500 |
| 020 ## - NÚMERO INTERNACIONAL NORMALIZADO PARA LIBROS | |
| ISBN | 968-6165-07-X |
| 082 ## - NUMERO DE CLASIFICACION DECIMAL DEWEY | |
| Número de Clasificación | 660.284.25 H765o |
| 100 ## - ASIENTO PRINCIPAL--NOMBRE PERSONAL | |
| Nombre personal | Henley Ernest J. |
| 245 ## - TÍTULO | |
| Título | Operaciones de separacion por etapas de equilibrio en ingenieria quimica/Henley Ernest J. |
| 260 ## - PUBLICACIÓN, DISTRIBUCIÓN, ETC. (PIE DE IMPRENTA) | |
| Lugar de publicación, distribución, etc. | Mexico :repla |
| 300 ## - DESCRIPCIÓN FÍSICA | |
| Extensión | 810p/25cm. |
| 650 ## - ASIENTO SECUNDARIO DE MATERIA - TERMINO TEMÁTICO | |
| Término temático o nombre geográfico como elemento de entrada | 1.OPARECIONES DE SEPARACION |
| No. biblioteca | No. biblioteca | Número de clasificación | Código de barras/Número de adquisición | Número de copia | Tipo de material |
|---|---|---|---|---|---|
| LUIS G. INCLAN | LUIS G. INCLAN | 660.284.25 H765o | 13992 | 2 | Libros |
| LUIS G. INCLAN | LUIS G. INCLAN | 660.284.25 H765o | 19559 | 6 | Libros |
